[Event "Verbandsliga 2019-20"]
[Site "MVP"]
[Date "2020.02.02"]
[Round "6.3"]
[White "Troyke, Jannis"]
[Black "Kutschke, Peter"]
[Result "1-0"]
[WhiteElo "1772"]
[BlackElo "1993"]
[PlyCount "129"]
[EventDate "2019.09.29"]
[EventType "team-tourn"]
[EventRounds "9"]
[WhiteTeam "Greifswalder SV II"]
[BlackTeam "SF Schwerin III"]
[WhiteTeamCountry "GER"]
[BlackTeamCountry "GER"]

1. e4 d5 2. exd5 Nf6 3. d4 Nxd5 4. Nf3 g6 5. Bc4 Bg7 6. O-O O-O 7. Re1 c6 8. h3
h6 9. Qe2 e6 10. c3 Nd7 11. Nbd2 Qc7 12. Nf1 b6 13. Be3 Bb7 14. Qd2 Nxe3 15.
Nxe3 Rad8 16. Qe2 Nf6 17. a4 Rfe8 18. Bb3 Qc8 19. a5 b5 20. Ne5 a6 21. Nd3 Nd7
22. Ng4 c5 23. dxc5 Qc6 24. Ne3 Nxc5 25. Nxc5 Qxc5 26. Red1 b4 27. cxb4 Qxb4
28. Bc4 Rxd1+ 29. Nxd1 Rd8 30. Bxa6 Rd2 31. Qc4 Qxc4 32. Bxc4 Bxb2 33. Rb1 Be4
34. Rxb2 Rxd1+ 35. Kh2 Bd5 36. Bxd5 Rxd5 37. Ra2 Rd7 38. a6 Ra7 39. Kg3 Kf8 40.
Kf4 Ke7 41. h4 f6 42. Ke4 Kd6 43. Kd4 Kc6 44. Kc4 Kb6 45. Kb4 h5 46. Rd2 Re7
47. Rd6+ Ka7 48. Kc5 Rc7+ 49. Rc6 Rg7 50. Kd6 Rg8 51. Kxe6 g5 52. Kf7 Rd8 53.
Rxf6 gxh4 54. Kg6 Rh8 55. Kg5 Rg8+ 56. Kxh4 Rxg2 57. Kxh5 Rg1 58. f4 Rg2 59.
Rg6 Rf2 60. Kg5 Rg2+ 61. Kf5 Re2 62. Re6 Rg2 63. Kf6 Rf2 64. f5 Rg2 65. Kf7 1-0

[Event "Verbandsliga 2019-20"]
[Site "MVP"]
[Date "2020.02.02"]
[Round "6.4"]
[White "Helms, Sven"]
[Black "Schwahn, Christian"]
[Result "1-0"]
[WhiteElo "1962"]
[BlackElo "1973"]
[PlyCount "43"]
[EventDate "2019.09.29"]
[EventType "team-tourn"]
[EventRounds "9"]
[WhiteTeam "SF Schwerin III"]
[BlackTeam "Greifswalder SV II"]
[WhiteTeamCountry "GER"]
[BlackTeamCountry "GER"]

1. e4 c5 2. d4 cxd4 3. c3 dxc3 4. Nxc3 Nc6 5. Nf3 d6 6. Bc4 e6 7. O-O Be7 8.
Qe2 Nf6 9. Rd1 e5 10. h3 O-O 11. Bg5 a6 12. Rac1 Kh8 13. Bh4 Nh5 14. Bxe7 Qxe7
15. Nd5 Qd8 16. Nxe5 Nxe5 17. Qxh5 Be6 18. Bb3 Rc8 19. Rxc8 Qxc8 20. f4 Ng6 21.
f5 Bxd5 22. fxg6 1-0

[Event "Verbandsliga 2019-20"]
[Site "MVP"]
[Date "2020.02.02"]
[Round "6.6"]
[White "Kupfernagel, Michael"]
[Black "Nauschuetz, Ernst"]
[Result "1/2-1/2"]
[WhiteElo "2030"]
[BlackElo "1921"]
[PlyCount "127"]
[EventDate "2019.09.29"]
[EventType "team-tourn"]
[EventRounds "9"]
[WhiteTeam "SF Schwerin III"]
[BlackTeam "Greifswalder SV II"]
[WhiteTeamCountry "GER"]
[BlackTeamCountry "GER"]

1. d4 Nf6 2. Nc3 d5 3. Bg5 Nbd7 4. f3 e6 5. e4 Be7 6. e5 Ng8 7. Bxe7 Nxe7 8.
Qd2 a6 9. f4 c5 10. Nf3 cxd4 11. Nxd4 Nc6 12. O-O-O Nxd4 13. Qxd4 Qb6 14. Qxb6
Nxb6 15. Bd3 Bd7 16. Rhf1 g6 17. Rd2 h5 18. g3 Bc6 19. Ne2 Nd7 20. Nd4 Nc5 21.
Re1 Ke7 22. c3 Nxd3+ 23. Rxd3 Bd7 24. Kd2 b5 25. a3 a5 26. Nc2 Rhc8 27. Rd4
Rab8 28. Ra1 f6 29. exf6+ Kxf6 30. Re1 Rc4 31. b3 Rc7 32. Ne3 Rbc8 33. Rc1 Be8
34. Rc2 Bf7 35. Rc1 Be8 36. c4 dxc4 37. bxc4 b4 38. axb4 axb4 39. Rb1 Rb8 40.
Rb2 Rcb7 41. c5 Rb5 42. Rc4 Bc6 43. Nc2 b3 44. Nd4 Bd5 45. Nxb5 Bxc4 46. Nd4
Rc8 47. Nxb3 Bxb3 48. Rxb3 Rxc5 49. Kd3 Kf5 50. Kd4 Ra5 51. Re3 Rd5+ 52. Kc3
Rd1 53. Re5+ Kf6 54. Re2 Rd5 55. Kc4 g5 56. fxg5+ Rxg5 57. Kd4 Rg4+ 58. Ke3 e5
59. Kf3 Rb4 60. h3 Rb3+ 61. Re3 Rb1 62. g4 hxg4+ 63. hxg4 Rf1+ 64. Kg2 1/2-1/2

[Event "Verbandsliga 2019-20"]
[Site "MVP"]
[Date "2020.02.02"]
[Round "6.7"]
[White "Sichler, Jakob"]
[Black "Voll, Andreas"]
[Result "1/2-1/2"]
[WhiteElo "1821"]
[BlackElo "1880"]
[PlyCount "89"]
[EventDate "2019.09.29"]
[EventType "team-tourn"]
[EventRounds "9"]
[WhiteTeam "Greifswalder SV II"]
[BlackTeam "SF Schwerin III"]
[WhiteTeamCountry "GER"]
[BlackTeamCountry "GER"]

1. e4 c5 2. d4 cxd4 3. Nf3 Nc6 4. Nxd4 d6 5. Nc3 g6 6. Be3 Bg7 7. Be2 Nf6 8. h4
h5 9. f3 Bd7 10. Qd2 a6 11. O-O-O Qc7 12. Rdg1 Ne5 13. Nd5 Nxd5 14. exd5 Nc4
15. Bxc4 Qxc4 16. Nb3 Rc8 17. Re1 O-O 18. Kb1 Bf5 19. Rc1 Rc7 20. g3 Rfc8 21.
Rh2 Qa4 22. Nd4 Bd7 23. Rg1 Rc4 24. b3 Qb4 25. Qxb4 Rxb4 26. Rd2 Rc3 27. a3 Rb6
28. Bf2 Rc8 29. Nc6 Rxb3+ 30. cxb3 Bf5+ 31. Ka2 bxc6 32. g4 hxg4 33. fxg4 Be4
34. Rc1 c5 35. Re1 f5 36. gxf5 gxf5 37. Rg1 Kf7 38. Be3 Rh8 39. Bg5 Bc3 40.
Rdd1 Bd4 41. Rgf1 Rb8 42. Rd2 Bxd5 43. Rxf5+ Ke6 44. Rxd5 Kxd5 45. Bxe7 1/2-1/2

[Event "Verbandsliga 2019-20"]
[Site "MVP"]
[Date "2020.02.02"]
[Round "6.8"]
[White "Krueger, Gerhard"]
[Black "Kriese, Ralf"]
[Result "1-0"]
[WhiteElo "1972"]
[BlackElo "1691"]
[PlyCount "67"]
[EventDate "2019.09.29"]
[EventType "team-tourn"]
[EventRounds "9"]
[WhiteTeam "SF Schwerin III"]
[BlackTeam "Greifswalder SV II"]
[WhiteTeamCountry "GER"]
[BlackTeamCountry "GER"]

1. e4 e6 2. d4 d5 3. exd5 exd5 4. Bd3 Bd6 5. Ne2 Nf6 6. Bg5 Bg4 7. c3 c6 8. Qb3
b6 9. Nd2 Nbd7 10. O-O Qc7 11. g3 O-O 12. Bf4 Bxe2 13. Bxd6 Qxd6 14. Bxe2 Rfe8
15. Rfe1 Re7 16. Bf3 Rae8 17. Kf1 h5 18. Qc2 Rxe1+ 19. Rxe1 Rxe1+ 20. Kxe1 Qe6+
21. Kf1 Ng4 22. Kg2 g5 23. Qd1 Ndf6 24. h3 Nh6 25. Bxh5 g4 26. Bxg4 Nhxg4 27.
hxg4 Nxg4 28. Qf3 Qg6 29. Nf1 Qg5 30. Ne3 Nf6 31. Qf5 Qxf5 32. Nxf5 Ne4 33.
Ne7+ Kg7 34. Nxc6 1-0

[Event "Verbandsliga 2019-20"]
[Site "MVP"]
[Date "2020.02.02"]
[Round "6.1"]
[White "Schinke, Andreas"]
[Black "Stoevesand, Peter"]
[Result "0-1"]
[WhiteElo "2093"]
[BlackElo "1754"]
[PlyCount "84"]
[EventDate "2019.09.29"]
[EventType "team-tourn"]
[EventRounds "9"]
[WhiteTeam "BW Grevesmuehlen"]
[BlackTeam "SG Neubrandenburg"]
[WhiteTeamCountry "GER"]
[BlackTeamCountry "GER"]

1. d4 d5 2. c4 e6 3. Nc3 Nf6 4. Bg5 Be7 5. e3 O-O 6. cxd5 exd5 7. Bd3 h6 8. Bf4
Bd6 9. Nge2 b6 10. O-O Bb7 11. Rc1 Ne4 12. Bxe4 dxe4 13. Bxd6 cxd6 14. Ng3 d5
15. Nb5 a6 16. Nc3 Nc6 17. Na4 Rb8 18. Qb3 Na5 19. Qxb6 Qxb6 20. Nxb6 Bc6 21.
Rxc6 Nxc6 22. Nd7 Rxb2 23. Nxf8 Kxf8 24. Ra1 g6 25. Kf1 Nb4 26. a4 Ke7 27. Ne2
Kd6 28. Nc3 f5 29. Rb1 Rxb1+ 30. Nxb1 g5 31. Nd2 Nd3 32. Nb1 f4 33. Ke2 g4 34.
f3 exf3+ 35. gxf3 g3 36. hxg3 fxg3 37. Kf1 h5 38. Kg2 h4 39. Nc3 Ne1+ 40. Kh3
Nxf3 41. Kg4 g2 42. Ne2 g1=Q+ 0-1

[Event "Verbandsliga 2019-20"]
[Site "MVP"]
[Date "2020.02.02"]
[Round "6.2"]
[White "Kunow, Frank"]
[Black "Boehme, Andy"]
[Result "1/2-1/2"]
[WhiteElo "1926"]
[BlackElo "2058"]
[PlyCount "24"]
[EventDate "2019.09.29"]
[EventType "team-tourn"]
[EventRounds "9"]
[WhiteTeam "SG Neubrandenburg"]
[BlackTeam "BW Grevesmuehlen"]
[WhiteTeamCountry "GER"]
[BlackTeamCountry "GER"]

1. Nf3 Nf6 2. c4 b6 3. g3 Bb7 4. Bg2 g6 5. O-O Bg7 6. d4 O-O 7. Nc3 Ne4 8. Nxe4
Bxe4 9. Be3 d6 10. Qc1 Nd7 11. Bh6 Nf6 12. Re1 c5 1/2-1/2

[Event "Verbandsliga 2019-20"]
[Site "MVP"]
[Date "2020.02.02"]
[Round "6.3"]
[White "Naujok, Joerg"]
[Black "Schulz, Daniel"]
[Result "1/2-1/2"]
[WhiteElo "2055"]
[BlackElo "1817"]
[PlyCount "40"]
[EventDate "2019.09.29"]
[EventType "team-tourn"]
[EventRounds "9"]
[WhiteTeam "BW Grevesmuehlen"]
[BlackTeam "SG Neubrandenburg"]
[WhiteTeamCountry "GER"]
[BlackTeamCountry "GER"]

1. Nf3 Nf6 2. g3 g6 3. Bg2 Bg7 4. O-O O-O 5. d3 d5 6. Nbd2 Re8 7. e4 e5 8. h3
c6 9. Re1 Qc7 10. Nf1 Nbd7 11. g4 Nc5 12. Ng3 dxe4 13. dxe4 Ne6 14. c3 Nf4 15.
Qc2 h5 16. g5 Nxg2 17. Kxg2 Nh7 18. Be3 Nf8 19. Rad1 Ne6 20. Ne2 b6 1/2-1/2

[Event "Verbandsliga 2019-20"]
[Site "MVP"]
[Date "2020.02.02"]
[Round "6.4"]
[White "Pruesse, Horst"]
[Black "Stiegler, Maik"]
[Result "1-0"]
[WhiteElo "2044"]
[BlackElo "1997"]
[PlyCount "137"]
[EventDate "2019.09.29"]
[EventType "team-tourn"]
[EventRounds "9"]
[WhiteTeam "SG Neubrandenburg"]
[BlackTeam "BW Grevesmuehlen"]
[WhiteTeamCountry "GER"]
[BlackTeamCountry "GER"]

1. e4 c5 2. Nc3 g6 3. f4 Bg7 4. Nf3 d6 5. Bc4 Nf6 6. O-O O-O 7. d3 Bg4 8. Qe1
Nc6 9. e5 dxe5 10. fxe5 Nd7 11. e6 Bxe6 12. Bxe6 fxe6 13. Qxe6+ Kh8 14. Bg5 Nf6
15. Rae1 Qd6 16. Qxd6 exd6 17. Bf4 Rfd8 18. Ng5 Kg8 19. Ne6 Rd7 20. Nxg7 Kxg7
21. Bg5 Rf8 22. Re6 Ng4 23. Rxf8 Kxf8 24. Ne4 Nd4 25. Rxd6 Rf7 26. Ng3 Nxc2 27.
h3 Ne5 28. Re6 Nd7 29. Bh6+ Kg8 30. Re8+ Nf8 31. Ne4 Nd4 32. Nxc5 Nf5 33. Rxf8+
Rxf8 34. Bxf8 Kxf8 35. Nxb7 Ke7 36. Kf2 Ke6 37. g4 Nd4 38. Ke3 Kd5 39. Nd8 Nc2+
40. Kd2 Nd4 41. Nf7 Nf3+ 42. Ke3 Nd4 43. Ng5 h5 44. Nf3 hxg4 45. hxg4 Nc2+ 46.
Kd2 Nb4 47. a3 Nc6 48. b4 a6 49. Kc3 Ne7 50. a4 Kd6 51. Kc4 Nd5 52. g5 Ne3+ 53.
Kd4 Nd5 54. Nh4 Nf4 55. Ke4 Ne6 56. Nf3 Nc7 57. Nh4 Ne6 58. Nxg6 Nxg5+ 59. Kd4
Ne6+ 60. Kc4 Nc7 61. Nf4 Ke5 62. Ne2 Kd6 63. Nc3 Na8 64. Nd5 Kc6 65. b5+ axb5+
66. axb5+ Kd6 67. d4 Kd7 68. Kc5 Kc8 69. Nb6+ 1-0

[Event "Verbandsliga 2019-20"]
[Site "MVP"]
[Date "2020.02.02"]
[Round "6.5"]
[White "Hausmann, Marcus"]
[Black "Hoerhold, Martin"]
[Result "1/2-1/2"]
[WhiteElo "1916"]
[BlackElo "1828"]
[PlyCount "39"]
[EventDate "2019.09.29"]
[EventType "team-tourn"]
[EventRounds "9"]
[WhiteTeam "BW Grevesmuehlen"]
[BlackTeam "SG Neubrandenburg"]
[WhiteTeamCountry "GER"]
[BlackTeamCountry "GER"]

1. d4 Nf6 2. Nf3 d5 3. Bf4 c5 4. e3 Nc6 5. Nc3 Bg4 6. Be2 e6 7. O-O Bd6 8. Ne5
Bxe2 9. Qxe2 cxd4 10. Nxc6 bxc6 11. Bxd6 dxc3 12. Ba3 cxb2 13. Rab1 Qa5 14. Qd3
Ne4 15. Rxb2 Nc5 16. Bxc5 Qxc5 17. Rb7 O-O 18. Rfb1 a5 19. c3 Ra7 20. R7b6
1/2-1/2

[Event "Verbandsliga 2019-20"]
[Site "MVP"]
[Date "2020.02.02"]
[Round "6.6"]
[White "Rossmann, Andreas"]
[Black "Streit, Bodo"]
[Result "1/2-1/2"]
[WhiteElo "2073"]
[BlackElo "1872"]
[PlyCount "82"]
[EventDate "2019.09.29"]
[EventType "team-tourn"]
[EventRounds "9"]
[WhiteTeam "SG Neubrandenburg"]
[BlackTeam "BW Grevesmuehlen"]
[WhiteTeamCountry "GER"]
[BlackTeamCountry "GER"]

1. Nf3 e6 2. d4 d5 3. g3 Nf6 4. Bg2 Bd6 5. b3 h6 6. O-O Nbd7 7. Bb2 O-O 8. Ne5
c6 9. Nd2 Qc7 10. Ndf3 Ne4 11. Nxd7 Bxd7 12. Ne5 f5 13. e3 Be8 14. c4 Rc8 15.
Nd3 Qa5 16. Qc2 Bh5 17. Rfc1 Qd2 18. Nf4 Qxc2 19. Rxc2 Bf7 20. Rac1 g5 21. Nd3
Nf6 22. Ne5 Bxe5 23. dxe5 Nd7 24. f4 Kh7 25. Ba3 Rg8 26. Kf2 h5 27. Be7 Rce8
28. Bxg5 Nxe5 29. fxe5 Rxg5 30. h4 Rg7 31. Bh3 Reg8 32. Rg1 Bg6 33. Rd2 Rf8 34.
Bf1 Kh6 35. b4 Rd7 36. c5 Rfd8 37. Rd4 Rg7 38. Be2 Be8 39. Rb1 Bg6 40. Rf4 Rf8
41. a4 Bh7 1/2-1/2

[Event "Verbandsliga 2019-20"]
[Site "MVP"]
[Date "2020.02.02"]
[Round "6.7"]
[White "Piske, Thomas"]
[Black "Baier, Karsten"]
[Result "1/2-1/2"]
[WhiteElo "1944"]
[BlackElo "1984"]
[PlyCount "48"]
[EventDate "2019.09.29"]
[EventType "team-tourn"]
[EventRounds "9"]
[WhiteTeam "BW Grevesmuehlen"]
[BlackTeam "SG Neubrandenburg"]
[WhiteTeamCountry "GER"]
[BlackTeamCountry "GER"]

1. e4 c6 2. d4 d5 3. exd5 cxd5 4. c4 e6 5. Nf3 Nc6 6. a3 dxc4 7. Bxc4 a6 8. O-O
Nf6 9. Nc3 Be7 10. d5 exd5 11. Nxd5 Nxd5 12. Bxd5 Bd7 13. Qb3 O-O 14. Qxb7 Ra7
15. Qb3 Na5 16. Qa2 Bb5 17. Re1 Rd7 18. Bd2 Nc6 19. Bxc6 Bxc6 20. Ne5 Bd5 21.
Qb1 Rb7 22. Bc3 Qb6 23. Qf5 Be6 24. Qf3 Bf6 1/2-1/2

[Event "Verbandsliga 2019-20"]
[Site "MVP"]
[Date "2020.02.02"]
[Round "6.2"]
[White "Hornych, Christoph"]
[Black "Ruesch, Hans-Joachim"]
[Result "1-0"]
[WhiteElo "2171"]
[BlackElo "2056"]
[PlyCount "51"]
[EventDate "2019.09.29"]
[EventType "team-tourn"]
[EventRounds "9"]
[WhiteTeam "SF Schwerin II"]
[BlackTeam "Turbine Rostock"]
[WhiteTeamCountry "GER"]
[BlackTeamCountry "GER"]

1. e4 g6 2. d4 Bg7 3. Bc4 d6 4. Nf3 Nf6 5. Qe2 Nc6 6. d5 Nb8 7. O-O O-O 8. Bb3
c6 9. c4 cxd5 10. exd5 Na6 11. Nc3 Bg4 12. h3 Bxf3 13. Qxf3 Nd7 14. Bg5 Nac5
15. Rfe1 Re8 16. Re2 Rc8 17. Qe3 Qa5 18. Rae1 Ne5 19. Nb5 f6 20. Bf4 a6 21. Nd4
Qb4 22. a3 Qa5 23. Ba2 Qa4 24. Bxe5 fxe5 25. Nc2 Rf8 26. b4 1-0

[Event "Verbandsliga 2019-20"]
[Site "MVP"]
[Date "2020.02.02"]
[Round "6.3"]
[White "Hamann, Dirk"]
[Black "Grahl, Arvid"]
[Result "1-0"]
[WhiteElo "1987"]
[BlackElo "2167"]
[PlyCount "71"]
[EventDate "2019.09.29"]
[EventType "team-tourn"]
[EventRounds "9"]
[WhiteTeam "Turbine Rostock"]
[BlackTeam "SF Schwerin II"]
[WhiteTeamCountry "GER"]
[BlackTeamCountry "GER"]

1. f4 d5 2. Nf3 g6 3. e3 Bg7 4. d4 Nf6 5. c4 e6 6. Nc3 O-O 7. Be2 b6 8. O-O Bb7
9. Ne5 Nbd7 10. b3 c5 11. Ba3 Re8 12. Rc1 Bf8 13. Bb2 Rc8 14. g4 dxc4 15. bxc4
Ne4 16. Nxe4 Bxe4 17. Bf3 Bxf3 18. Qxf3 f6 19. Nxd7 Qxd7 20. dxc5 Bxc5 21. Bxf6
Qd2 22. Rcd1 Qxa2 23. Qb7 Bf8 24. Ra1 Qe2 25. Rxa7 Qxe3+ 26. Rf2 Be7 27. Bxe7
Qc1+ 28. Kg2 Qxc4 29. Bf6 Qc6+ 30. Qxc6 Rxc6 31. Rg7+ Kf8 32. Rxh7 b5 33. Rd2
Rec8 34. Rdd7 Rc2+ 35. Kf3 R8c3+ 36. Bxc3 1-0

[Event "Verbandsliga 2019-20"]
[Site "MVP"]
[Date "2020.02.02"]
[Round "6.5"]
[White "Schmidt, Reinhard"]
[Black "Roehl, Rainer"]
[Result "1-0"]
[WhiteElo "1898"]
[BlackElo "2033"]
[PlyCount "59"]
[EventDate "2019.09.29"]
[EventType "team-tourn"]
[EventRounds "9"]
[WhiteTeam "Turbine Rostock"]
[BlackTeam "SF Schwerin II"]
[WhiteTeamCountry "GER"]
[BlackTeamCountry "GER"]

1. e4 c5 2. Nf3 g6 3. d4 cxd4 4. c3 Bg7 5. cxd4 d5 6. e5 Nc6 7. Nc3 f6 8. Bb5
a6 9. Ba4 Bg4 10. Be3 f5 11. Qb3 b5 12. Bxb5 axb5 13. Qxb5 Qd7 14. Qxd5 Qxd5
15. Nxd5 O-O-O 16. Nf4 Bxf3 17. gxf3 Kd7 18. O-O-O Bh6 19. Nd3 e6 20. f4 Bf8
21. a3 Kc7 22. Nc5 Bxc5 23. dxc5 Rd5 24. Rxd5 exd5 25. b4 Nge7 26. Kc2 Rd8 27.
Kb3 d4 28. Bd2 Rb8 29. Kc4 Rd8 30. b5 1-0

[Event "Verbandsliga 2019-20"]
[Site "MVP"]
[Date "2020.02.02"]
[Round "6.1"]
[White "Waschk, Armin"]
[Black "Schmekel, Florian"]
[Result "1-0"]
[WhiteElo "2165"]
[BlackElo "2102"]
[PlyCount "71"]
[EventDate "2019.09.29"]
[EventType "team-tourn"]
[EventRounds "9"]
[WhiteTeam "SG Guestrow/Teterow"]
[BlackTeam "SAV Torgelow"]
[WhiteTeamCountry "GER"]
[BlackTeamCountry "GER"]

1. d4 Nf6 2. c4 e6 3. Nf3 b6 4. g3 Bb7 5. Bg2 Be7 6. O-O O-O 7. d5 exd5 8. Nh4
c6 9. cxd5 Nxd5 10. Nf5 Nc7 11. e4 d5 12. Nc3 Bf6 13. Bf4 d4 14. e5 dxc3 15.
exf6 Qxf6 16. Qg4 Ne6 17. Bd6 Re8 18. bxc3 Nd7 19. Rad1 Rad8 20. f4 Kh8 21. Rf2
Qg6 22. Qh3 Nf6 23. Bf3 Nc5 24. Ne7 Rxe7 25. Bxe7 Rxd1+ 26. Bxd1 Nd3 27. Rd2
Qe4 28. Re2 Qd5 29. Bxf6 gxf6 30. Qh6 Qd8 31. Bc2 Ba6 32. Re3 Kg8 33. Qh5 c5
34. Qe2 Nc1 35. Re8+ Kg7 36. Qg4+ 1-0

[Event "Verbandsliga 2019-20"]
[Site "MVP"]
[Date "2020.02.02"]
[Round "6.2"]
[White "Zentgraf, Robert"]
[Black "Luther, Alexander"]
[Result "1/2-1/2"]
[WhiteElo "2171"]
[BlackElo "2052"]
[PlyCount "28"]
[EventDate "2019.09.29"]
[EventType "team-tourn"]
[EventRounds "9"]
[WhiteTeam "SAV Torgelow"]
[BlackTeam "SG Guestrow/Teterow"]
[WhiteTeamCountry "GER"]
[BlackTeamCountry "GER"]

1. d4 Nf6 2. Nf3 e6 3. g3 d5 4. Bg2 Be7 5. O-O O-O 6. c4 dxc4 7. Qa4 a6 8. Qxc4
b5 9. Qb3 Bb7 10. Rd1 Bd5 11. Qc2 Be4 12. Qb3 Bd5 13. Qc2 Be4 14. Qb3 Qd5
1/2-1/2

[Event "Verbandsliga 2019-20"]
[Site "MVP"]
[Date "2020.02.02"]
[Round "6.4"]
[White "Ehlers, Michael"]
[Black "Gebert-Vangeel, Ralf"]
[Result "1/2-1/2"]
[WhiteElo "1941"]
[BlackElo "2033"]
[PlyCount "62"]
[EventDate "2019.09.29"]
[EventType "team-tourn"]
[EventRounds "9"]
[WhiteTeam "SAV Torgelow"]
[BlackTeam "SG Guestrow/Teterow"]
[WhiteTeamCountry "GER"]
[BlackTeamCountry "GER"]

1. e4 e5 2. Nf3 Nc6 3. Bc4 Nf6 4. Nc3 Be7 5. O-O O-O 6. d4 exd4 7. Nxd4 Ne5 8.
Bb3 d6 9. f3 c5 10. Nde2 c4 11. f4 cxb3 12. fxe5 bxc2 13. Qxc2 dxe5 14. Bg5 Be6
15. Rad1 Qb6+ 16. Kh1 Rac8 17. Qb1 Rfe8 18. Bxf6 Bxf6 19. Nd5 Bxd5 20. Rxd5 Qe3
21. Nc3 Red8 22. Rfd1 h6 23. h3 Rxd5 24. Nxd5 Qe2 25. Nc3 Qf2 26. Rf1 Qh4 27.
Qd3 Qg5 28. Qb5 Rd8 29. Nd5 Rc8 30. Nc3 Rd8 31. Nd5 Rc8 1/2-1/2

[Event "Verbandsliga 2019-20"]
[Site "MVP"]
[Date "2020.02.02"]
[Round "6.5"]
[White "Dettmann, Holger"]
[Black "Bress, Aaron"]
[Result "1/2-1/2"]
[WhiteElo "2012"]
[BlackElo "1793"]
[PlyCount "64"]
[EventDate "2019.09.29"]
[EventType "team-tourn"]
[EventRounds "9"]
[WhiteTeam "SG Guestrow/Teterow"]
[BlackTeam "SAV Torgelow"]
[WhiteTeamCountry "GER"]
[BlackTeamCountry "GER"]

1. d4 Nf6 2. Nc3 d5 3. Bf4 g6 4. Qd2 Bg7 5. f3 O-O 6. g4 c5 7. e3 Nc6 8. O-O-O
Qa5 9. Be5 Bh6 10. Kb1 cxd4 11. g5 Bxg5 12. f4 Bxf4 13. exf4 dxc3 14. Bxc3 Qc7
15. Bxf6 exf6 16. Bd3 Bg4 17. Rf1 Ne7 18. h4 h5 19. f5 Bxf5 20. Bxf5 Nxf5 21.
Rxf5 gxf5 22. Qh6 Rfe8 23. Nf3 Qg3 24. Qxf6 Qxf3 25. Rg1+ Kf8 26. Qd6+ Re7 27.
Re1 Qe4 28. Rxe4 dxe4 29. Qh6+ Kg8 30. Qg5+ Kf8 31. Qh6+ Kg8 32. Qg5+ Kf8
1/2-1/2

[Event "Verbandsliga 2019-20"]
[Site "MVP"]
[Date "2020.02.02"]
[Round "6.6"]
[White "Grossmann, Piet"]
[Black "Kiel, Bernd"]
[Result "0-1"]
[WhiteElo "1818"]
[BlackElo "1989"]
[PlyCount "58"]
[EventDate "2019.09.29"]
[EventType "team-tourn"]
[EventRounds "9"]
[WhiteTeam "SAV Torgelow"]
[BlackTeam "SG Guestrow/Teterow"]
[WhiteTeamCountry "GER"]
[BlackTeamCountry "GER"]

1. e4 d5 2. exd5 Nf6 3. c4 e6 4. d4 exd5 5. Nc3 Bb4 6. Bd2 O-O 7. Nf3 Re8+ 8.
Be2 dxc4 9. O-O Bg4 10. Be3 Nbd7 11. h3 Bh5 12. Bg5 c6 13. Bxc4 Qa5 14. Bd2 Nb6
15. Bb3 Qf5 16. Bc2 Qd7 17. a3 Bd6 18. Bb3 Bc7 19. Bg5 Qd6 20. g3 Nbd5 21. Kg2
h6 22. Bxf6 Nxf6 23. Qd3 Rad8 24. Rad1 Bg6 25. Qc4 Nd5 26. Nxd5 cxd5 27. Qc3
Re2 28. Rfe1 Qxg3+ 29. Kf1 Qxf2# 0-1

[Event "Verbandsliga 2019-20"]
[Site "MVP"]
[Date "2020.02.02"]
[Round "6.7"]
[White "Hornecker, Siegfried"]
[Black "Schmidt, Paul"]
[Result "1-0"]
[WhiteElo "2015"]
[BlackElo "1915"]
[PlyCount "105"]
[EventDate "2019.09.29"]
[EventType "team-tourn"]
[EventRounds "9"]
[WhiteTeam "SG Guestrow/Teterow"]
[BlackTeam "SAV Torgelow"]
[WhiteTeamCountry "GER"]
[BlackTeamCountry "GER"]

1. e4 c5 2. Nf3 d6 3. Bc4 Nf6 4. Nc3 e6 5. d4 cxd4 6. Nxd4 a6 7. a4 Be7 8. Be3
Nc6 9. Nxc6 bxc6 10. a5 c5 11. e5 dxe5 12. Qxd8+ Kxd8 13. Na4 Nd7 14. Nb6 Nxb6
15. axb6 Rb8 16. Bd2 Kd7 17. Ba5 Bb7 18. O-O Rhd8 19. Bc3 e4 20. Bxa6 Bxa6 21.
Rxa6 g6 22. Be5 Rb7 23. Bc7 Rc8 24. Rd1+ Kc6 25. c4 Rcxc7 26. bxc7+ Kxc7 27. b3
Bf6 28. Ra3 Bd4 29. Kf1 Kd6 30. Ke2 Ke5 31. Rb1 f5 32. Ra5 Kf6 33. f3 exf3+ 34.
gxf3 e5 35. Ra4 Kg5 36. b4 cxb4 37. Rbxb4 Rc7 38. Rb5 Kh4 39. c5 Kh3 40. Rc4
Rc6 41. f4 Kxh2 42. fxe5 Bxe5 43. Rb6 Rc7 44. Kf3 Kh3 45. Re6 Bg3 46. c6 Ra7
47. Rc1 Bh2 48. Rh1 f4 49. Re2 Ra3+ 50. Ke4 Re3+ 51. Rxe3+ fxe3 52. c7 Kg2 53.
Rxh2+ 1-0

[Event "Verbandsliga 2019-20"]
[Site "MVP"]
[Date "2020.02.02"]
[Round "6.8"]
[White "Massloch, Philipp"]
[Black "Ebert, Lutz"]
[Result "1/2-1/2"]
[WhiteElo "1805"]
[BlackElo "1866"]
[PlyCount "60"]
[EventDate "2019.09.29"]
[EventType "team-tourn"]
[EventRounds "9"]
[WhiteTeam "SAV Torgelow"]
[BlackTeam "SG Guestrow/Teterow"]
[WhiteTeamCountry "GER"]
[BlackTeamCountry "GER"]

1. e4 e5 2. Nf3 d6 3. Bc4 Be7 4. c3 Nf6 5. d3 O-O 6. Nbd2 a6 7. Nf1 b5 8. Bb3
c5 9. Ng3 h6 10. O-O Nc6 11. Qe2 Na5 12. Bc2 Qc7 13. Nh4 Nh7 14. Nhf5 Bg5 15.
f4 exf4 16. Bxf4 Bxf4 17. Rxf4 Bxf5 18. Nxf5 f6 19. Qg4 Kh8 20. b4 Nc6 21. Bb3
Ne5 22. Qg3 c4 23. dxc4 bxc4 24. Bc2 Rad8 25. Rh4 Ng5 26. Re1 Qa7+ 27. Kh1 Rd7
28. Rd1 Rfd8 29. Ba4 Nd3 30. Nd4 Rc7 1/2-1/2

[Event "Verbandsliga 2019-20"]
[Site "MVP"]
[Date "2020.02.02"]
[Round "6.1"]
[White "Roeder, Phillip"]
[Black "Lehmann, Ruben"]
[Result "1-0"]
[WhiteElo "2011"]
[BlackElo "1954"]
[Annotator "user"]
[PlyCount "129"]
[EventDate "2019.09.29"]
[EventType "team-tourn"]
[EventRounds "9"]
[WhiteTeam "ASV Wismar"]
[BlackTeam "HSG Stralsund"]
[WhiteTeamCountry "GER"]
[BlackTeamCountry "GER"]

{[%evp 0,29,31,11,12,-35,83,-5,-7,-4,17,8,14,-32,-17,-15,-8,13,40,15,5,13,54,
48,106,52,75,73,80,80,42,34]} 1. Nc3 d5 2. e4 c6 3. Qf3 dxe4 4. Nxe4 Nd7 5. d4
Ngf6 6. Ng3 Nb6 7. c3 Bg4 8. Qd3 Qc7 9. h3 Be6 10. b3 O-O-O 11. N1e2 c5 12. Qb5
Nbd7 13. Bf4 Qb6 14. Qxb6 axb6 15. c4 Nb8 16. d5 Bd7 17. Nc3 g6 18. Nge4 Nxe4
19. Nxe4 Bg7 20. O-O-O Na6 21. Ng5 Rdf8 22. Bd3 h6 23. Nf3 Nb4 24. Bb1 Bf5 25.
a3 Bxb1 26. axb4 Be4 27. Rhe1 Bxf3 28. gxf3 Kd7 29. Be5 Bxe5 30. Rxe5 Ra8 31.
bxc5 bxc5 32. Kb2 Ra6 33. Rde1 Re8 34. f4 e6 35. Rd1 Rd6 36. Rde1 Ra8 37. dxe6+
fxe6 38. Rxc5 Rd2+ 39. Kc3 Rxf2 40. Rd1+ Ke7 41. Rc7+ Kf6 42. Rxb7 Rxf4 43. c5
Ra5 44. Rc7 Rb5 45. Rd3 Rfb4 46. Kc2 Ke5 47. Rc3 Rf4 48. Kb2 Ra5 49. Rg3 g5 50.
Kc3 Rb5 51. Re3+ Kd5 52. Rd3+ Ke4 53. Rd4+ Ke5 54. Rxf4 gxf4 55. Kc4 Rb8 56.
Rf7 Ke4 57. c6 f3 58. b4 e5 59. c7 Rc8 60. Kc5 Ke3 61. Kd6 e4 62. Kd7 (62. b5
$18) 62... Ra8 (62... Rxc7+ $11 63. Kxc7 Kf2 64. b5 e3 65. b6 e2 66. Re7 e1=Q
67. Rxe1 Kxe1 68. b7 f2 69. b8=Q f1=Q) 63. b5 f2 64. b6 Ke2 65. b7 1-0